[Event "TCh-AUT 1st Bundesliga 2007-8"]
[Site "Jenbach AUT"]
[Date "2008.01.11"]
[Round "5"]
[White "Horvath, Jo1"]
[Black "Rotstein, A."]
[Result "1/2-1/2"]
[WhiteElo "2519"]
[BlackElo "2548"]
[PlyCount "130"]
[EventDate "2008.01.10"]
[SourceDate "1999.07.01"]

1. d4 Nf6 2. c4 e6 3. Nf3 b6 4. g3 Ba6 5. b3 d5 6. cxd5 exd5 7. Bg2 Bb4+ 8. Bd2
Bd6 9. Nc3 O-O 10. O-O Re8 11. Re1 Bb7 12. Qc2 Qd7 13. Ng5 Bb4 14. e4 Bxc3 15.
Bxc3 Nxe4 16. Nxe4 dxe4 17. Bxe4 Bxe4 18. Rxe4 Nc6 19. Rae1 Re6 20. Rxe6 fxe6
21. Qe4 Rd8 22. Qg4 Ne7 23. Qxe6+ Qxe6 24. Rxe6 Kf7 25. Re5 Nd5 26. Bd2 a5 27.
Kg2 Nb4 28. Bxb4 axb4 29. d5 Ra8 30. d6 cxd6 31. Rb5 Rxa2 32. Rxb6 d5 33. Rxb4
Rb2 34. Kf3 d4 35. h4 d3 36. Ke3 d2 37. Ke2 h5 38. Kd1 Kf6 39. Rf4+ Ke6 40. b4
g6 41. Ke2 Ke5 42. Rc4 Kf6 43. Rc6+ Kf7 44. Rb6 Kg7 45. b5 Kf7 46. Rb7+ Kf8 47.
Kd1 Kg8 48. b6 Kf8 49. f3 Kg8 50. g4 hxg4 51. fxg4 Kf8 52. h5 gxh5 53. gxh5 Kg8
54. h6 Kh8 55. Ke2 Kg8 56. Rg7+ Kh8 57. b7 d1=Q+ 58. Kxd1 Rb1+ 59. Ke2 Rb2+ 60.
Kd3 Rb3+ 61. Kc4 Rb4+ 62. Kd5 Rb5+ 63. Ke6 Rb6+ 64. Kf5 Rb5+ 65. Kg4 Rb4+
1/2-1/2

[Event "TCh-AUT 1st Bundesliga 2007-8"]
[Site "Jenbach AUT"]
[Date "2008.01.12"]
[Round "6"]
[White "Cvek, R."]
[Black "Babula, V."]
[Result "1/2-1/2"]
[WhiteElo "2532"]
[BlackElo "2594"]
[PlyCount "29"]
[EventDate "2008.01.10"]
[SourceDate "1999.07.01"]

1. Nf3 Nf6 2. c4 b6 3. d4 e6 4. g3 Ba6 5. Nbd2 d5 6. cxd5 exd5 7. Bg2 Bd6 8.
O-O O-O 9. Nb1 Nbd7 10. Nc3 Re8 11. Re1 h6 12. Nh4 Bb7 13. Qb3 c6 14. Nf5 Bf8
15. Bf4 1/2-1/2

[Event "TCh-AUT 1st Bundesliga 2007-8"]
[Site "Jenbach AUT"]
[Date "2008.01.13"]
[Round "7"]
[White "Babula, V."]
[Black "Rotstein, A."]
[Result "1-0"]
[WhiteElo "2594"]
[BlackElo "2548"]
[PlyCount "57"]
[EventDate "2008.01.10"]
[SourceDate "1999.07.01"]

1. d4 Nf6 2. c4 e6 3. Nf3 b6 4. a3 Bb7 5. Nc3 d5 6. cxd5 Nxd5 7. Qc2 Be7 8. e4
Nxc3 9. bxc3 O-O 10. Bd3 c5 11. O-O Qc8 12. Qe2 Ba6 13. Rd1 Bxd3 14. Rxd3 Nd7
15. e5 Re8 16. Bg5 Nf8 17. h4 Qa6 18. h5 h6 19. Be3 cxd4 20. cxd4 Rac8 21. Re1
Qb7 22. Qd2 Qe4 23. Bxh6 Qh7 24. Bg5 Qxh5 25. Bxe7 Rxe7 26. Ng5 Ng6 27. Rh3 Qg4
28. Re4 Qf5 29. g4 1-0

[Event "TCh-AUT 1st Bundesliga 2007-8"]
[Site "Jenbach AUT"]
[Date "2008.01.13"]
[Round "7"]
[White "Bezold, M."]
[Black "Bunzmann, D."]
[Result "1/2-1/2"]
[WhiteElo "2521"]
[BlackElo "2518"]
[PlyCount "53"]
[EventDate "2008.01.10"]
[SourceDate "1999.07.01"]

1. d4 e6 2. c4 Nf6 3. Nf3 b6 4. g3 Bb7 5. Bg2 Be7 6. O-O O-O 7. Nc3 Ne4 8. Bd2
f5 9. Qc2 Bf6 10. Rfd1 Qe8 11. Be1 Nxc3 12. Bxc3 Be4 13. Qd2 Nc6 14. Rac1 Ne7
15. Ne1 Bxg2 16. Nxg2 c6 17. Qd3 Qf7 18. Rc2 Rab8 19. b3 b5 20. Ne1 Rfc8 21.
Nf3 bxc4 22. bxc4 Rc7 23. Bd2 Ng6 24. Rcc1 Rcb7 25. Rb1 Qf8 26. Rxb7 Rxb7 27.
Rb1 1/2-1/2

[Event "Paul Keres Mem GMA"]
[Site "Tallinn EST"]
[Date "2008.01.06"]
[Round "1"]
[White "Rausis, I."]
[Black "Yemelin, V."]
[Result "1/2-1/2"]
[WhiteElo "2520"]
[BlackElo "2562"]
[PlyCount "24"]
[EventDate "2008.01.06"]
[SourceDate "1999.07.01"]

1. d4 Nf6 2. Nf3 e6 3. c4 b6 4. g3 Bb7 5. Bg2 Be7 6. O-O O-O 7. Nc3 Ne4 8. Nxe4
Bxe4 9. Ne1 Bxg2 10. Nxg2 d5 11. Qa4 Qd7 12. Qxd7 Nxd7 1/2-1/2

[Event "Paul Keres Mem GMA"]
[Site "Tallinn EST"]
[Date "2008.01.09"]
[Round "5"]
[White "Rausis, I."]
[Black "Sulskis, S."]
[Result "1-0"]
[WhiteElo "2520"]
[BlackElo "2553"]
[PlyCount "169"]
[EventDate "2008.01.06"]
[SourceDate "1999.07.01"]

1. d4 Nf6 2. c4 e6 3. Nf3 b6 4. g3 Ba6 5. b3 Bb4+ 6. Bd2 Be7 7. Bg2 c6 8. Bc3
d5 9. Ne5 Nfd7 10. Nxd7 Nxd7 11. Nd2 O-O 12. O-O Rc8 13. e4 c5 14. exd5 exd5
15. dxc5 dxc4 16. c6 cxb3 17. Re1 b2 18. Bxb2 Nc5 19. Ba3 Bb5 20. Nb3 Bf6 21.
Nxc5 bxc5 22. Rc1 Bxc6 23. Bxc5 Bxg2 24. Kxg2 Re8 25. Qxd8 Rexd8 26. Bxa7 Ra8
27. Rc7 h5 28. Re4 Rd5 29. a3 h4 30. gxh4 Rh5 31. Rec4 Bd8 32. Rc8 Rxa7 33.
Rxd8+ Kh7 34. a4 Ra6 35. Rd3 Rha5 36. Rdd4 Kh6 37. Rb4 f6 38. Kg3 Rc5 39. Rbc4
Rxc4 40. Rxc4 Ra5 41. Rb4 f5 42. Rc4 Kh5 43. Kf3 Re5 44. Rb4 Re1 45. Rf4 g6 46.
Rd4 Ra1 47. Rf4 Re1 48. Kg2 Kh6 49. Rc4 Kh5 50. Kh3 Ra1 51. f3 Kh6 52. Kg3 Ra2
53. Rb4 Ra3 54. Kf4 Kh5 55. Kg3 Kh6 56. Rc4 Ra2 57. h3 Ra3 58. Kf2 Ra2+ 59. Ke3
Ra3+ 60. Kf4 Kh5 61. Kg3 Kh6 62. Rb4 Ra2 63. Rd4 Ra3 64. Kf2 Ra2+ 65. Ke3 Ra3+
66. Ke2 Ra2+ 67. Ke1 Ra1+ 68. Kd2 Rh1 69. Rf4 Rxh3 70. a5 Rh2+ 71. Kc3 Ra2 72.
Kb4 g5 73. hxg5+ Kxg5 74. Rc4 f4 75. Kb5 Rb2+ 76. Rb4 Ra2 77. Rb3 Kh4 78. a6
Kg3 79. Kb6 Rh2 80. a7 Rh6+ 81. Ka5 Rh1 82. Ra3 Rh8 83. Kb6 Kf2 84. Kb7 Rh7+
85. Kc6 1-0

[Event "ch-CRO"]
[Site "Split CRO"]
[Date "2008.01.16"]
[Round "1"]
[White "Cvitan, O."]
[Black "Palac, M."]
[Result "1/2-1/2"]
[WhiteElo "2535"]
[BlackElo "2575"]
[PlyCount "41"]
[EventDate "2008.01.16"]
[SourceDate "1999.07.01"]

1. d4 Nf6 2. c4 e6 3. Nf3 b6 4. g3 Ba6 5. b3 Bb4+ 6. Bd2 Be7 7. Bg2 c6 8. Bc3
d5 9. Nbd2 Nbd7 10. O-O O-O 11. Re1 c5 12. e4 dxe4 13. Nxe4 Bb7 14. Nfg5 cxd4
15. Bxd4 Qc7 16. Nxf6+ Bxf6 17. Bxb7 Qxb7 18. Bxf6 Nxf6 19. Qf3 Qc7 20. Ne4
Nxe4 21. Qxe4 1/2-1/2

[Event "37th Rilton Cup"]
[Site "Stockholm SWE"]
[Date "2008.01.02"]
[Round "6"]
[White "Ivanov, Sergey1"]
[Black "Berg, E."]
[Result "1-0"]
[WhiteElo "2532"]
[BlackElo "2593"]
[PlyCount "61"]
[EventDate "2007.12.27"]
[SourceDate "1999.07.01"]

1. d4 Nf6 2. Nf3 e6 3. c4 b6 4. e3 Bb7 5. Bd3 d5 6. O-O Nbd7 7. b3 Bd6 8. Bb2
O-O 9. Nc3 dxc4 10. bxc4 e5 11. Bf5 exd4 12. exd4 Re8 13. Qd3 g6 14. Bxd7 Nxd7
15. Rae1 Qf6 16. d5 Nc5 17. Qd1 Qf4 18. Rxe8+ Rxe8 19. Re1 Rd8 20. Nb5 Bf8 21.
Qe2 c6 22. Be5 Qg4 23. Bf6 Ra8 24. Nc7 Rc8 25. Ba1 Nd7 26. Qb2 f6 27. Ne8 Qf4
28. Qe2 Ne5 29. Nxf6+ Qxf6 30. Nxe5 Bg7 31. Nxc6 1-0

[Event "Zvenigorodskaya Open A"]
[Site "Zvenigorod RUS"]
[Date "2008.09.29"]
[Round "8"]
[White "Lysyj, I."]
[Black "Shaposhnikov, E."]
[Result "1-0"]
[WhiteElo "2596"]
[BlackElo "2558"]
[PlyCount "67"]
[EventDate "2008.09.25"]
[SourceDate "1999.07.01"]

1. d4 Nf6 2. c4 e6 3. Nf3 b6 4. a3 Ba6 5. Qb3 d5 6. cxd5 Nxd5 7. e4 Bxf1 8.
Kxf1 Nf6 9. Nc3 Be7 10. g3 O-O 11. Kg2 Nbd7 12. e5 Ne8 13. d5 Nc5 14. Qc4 exd5
15. Nxd5 c6 16. Nxe7+ Qxe7 17. Be3 Nc7 18. Rac1 N5e6 19. Qxc6 Rad8 20. Rhd1
Rxd1 21. Rxd1 Rd8 22. Rd6 h6 23. Nh4 Qe8 24. Qxe8+ Nxe8 25. Rxd8 Nxd8 26. Kf3
h5 27. Nf5 Nc7 28. Ne7+ Kf8 29. Nc8 Nc6 30. Nxa7 Nxe5+ 31. Ke4 Nc4 32. b3 Nxe3
33. fxe3 Ke8 34. Nc8 1-0

[Event "FSGM November"]
[Site "Budapest HUN"]
[Date "2008.11.01"]
[Round "1"]
[White "Ilincic, Z."]
[Black "Prohaszka, P2."]
[Result "1/2-1/2"]
[WhiteElo "2542"]
[BlackElo "2502"]
[PlyCount "40"]
[EventDate "2008.11.01"]
[SourceDate "1999.07.01"]

1. d4 Nf6 2. c4 e6 3. Nf3 b6 4. g3 Ba6 5. Qa4 Bb7 6. Bg2 c5 7. O-O cxd4 8. Nxd4
Bxg2 9. Kxg2 Qc8 10. Nc3 Be7 11. Rd1 Nc6 12. Nxc6 Qxc6+ 13. Qxc6 dxc6 14. Bf4
Rd8 15. Rxd8+ Kxd8 16. Rd1+ Kc8 17. Bd6 Bxd6 18. Rxd6 Kc7 19. Rd1 Rd8 20. Rxd8
Kxd8 1/2-1/2

[Event "TCh-ESP CECLUB Final"]
[Site "Motril ESP"]
[Date "2008.11.01"]
[Round "1"]
[White "Sargissian, G."]
[Black "Khamrakulov, I."]
[Result "1/2-1/2"]
[WhiteElo "2642"]
[BlackElo "2580"]
[PlyCount "91"]
[EventDate "2008.11.01"]
[SourceDate "1999.07.01"]

1. d4 Nf6 2. c4 e6 3. Nf3 b6 4. g3 Ba6 5. Qc2 Bb4+ 6. Bd2 Bxd2+ 7. Nbxd2 c5 8.
e4 Bb7 9. d5 exd5 10. cxd5 d6 11. Bg2 O-O 12. O-O Re8 13. Rfe1 Nbd7 14. a4 Qc7
15. h3 a6 16. b4 b5 17. bxc5 Qxc5 18. Qb2 Rac8 19. Rab1 Qc2 20. axb5 Qxb2 21.
Rxb2 Nc5 22. bxa6 Bxa6 23. Rb6 Bd3 24. Rxd6 Ncxe4 25. Rc6 Rxc6 26. dxc6 Nxd2
27. Rxe8+ Nxe8 28. Nxd2 Kf8 29. f4 Ke7 30. Kf2 Kd6 31. Nb3 Bc4 32. Nd4 g6 33.
g4 Bd5 34. Bxd5 Kxd5 35. Ke3 Nc7 36. h4 f6 37. Kd3 Ne8 38. Ke3 Nc7 39. h5 gxh5
40. gxh5 Ne8 41. h6 Nc7 42. f5 Ne8 43. Ne6 Kxc6 44. Kf4 Nd6 45. Nf8 Nf7 46.
Nxh7 1/2-1/2

[Event "38th Olympiad"]
[Site "Dresden GER"]
[Date "2008.11.14"]
[Round "2"]
[White "Eljanov, P."]
[Black "Kovacevic, A."]
[Result "1-0"]
[WhiteElo "2720"]
[BlackElo "2581"]
[PlyCount "104"]
[EventDate "2008.11.13"]
[SourceDate "1999.07.01"]

1. d4 Nf6 2. c4 e6 3. Nf3 b6 4. g3 Bb7 5. Bg2 Be7 6. Nc3 Ne4 7. Bd2 d5 8. cxd5
exd5 9. Qa4+ Qd7 10. Qc2 Nxd2 11. Qxd2 O-O 12. O-O Qe6 13. Rac1 c6 14. Ng5 Qd6
15. e4 dxe4 16. Ncxe4 Qd8 17. Nf3 Na6 18. Rfd1 Nb4 19. a3 Nd5 20. Ne5 Rc8 21.
Rc2 f6 22. Nd3 Qd7 23. Nc3 Bd6 24. Rdc1 Rfe8 25. h4 Bb8 26. Nxd5 cxd5 27. Rxc8
Rxc8 28. Rxc8+ Qxc8 29. Nb4 Qe6 30. Nc2 Bd6 31. Qd3 f5 32. f4 g6 33. Kf2 Bf8
34. Ne1 Bg7 35. Nf3 Qc6 36. Qd2 Qc4 37. Ne5 Bxe5 38. fxe5 Kf7 39. Bf1 Qc7 40.
Be2 Ke6 41. h5 Bc6 42. hxg6 hxg6 43. Qg5 Qf7 44. Ke3 Be8 45. Bf3 Bc6 46. Kf4
Qg7 47. Ke3 Be8 48. Be2 Qh8 49. Bf3 Qg7 50. b3 Qf8 51. Qd8 Qh6+ 52. Kd3 Bb5+
1-0

[Event "38th Olympiad"]
[Site "Dresden GER"]
[Date "2008.11.14"]
[Round "2"]
[White "Ni Hua"]
[Black "Zhigalko, S."]
[Result "1-0"]
[WhiteElo "2710"]
[BlackElo "2592"]
[PlyCount "93"]
[EventDate "2008.11.13"]
[SourceDate "1999.07.01"]

1. d4 Nf6 2. c4 e6 3. Nf3 b6 4. g3 Ba6 5. Qc2 Bb4+ 6. Bd2 Be7 7. e4 d5 8. cxd5
Bxf1 9. Kxf1 exd5 10. e5 Ne4 11. Nc3 Nxc3 12. Bxc3 Qd7 13. h4 Nc6 14. Kg2 Nd8
15. Ng5 Bxg5 16. hxg5 g6 17. Bd2 Ne6 18. Be3 c5 19. Qd2 Rc8 20. Rh4 Qd8 21. Rd1
cxd4 22. Bxd4 Qxg5 23. Qxg5 Nxg5 24. Be3 Ne6 25. Rxd5 Ke7 26. a4 Rc2 27. b4 g5
28. Rh1 Rc4 29. Rhd1 Ra8 30. Rd7+ Ke8 31. Rb7 Nd8 32. Rxd8+ Rxd8 33. Bxg5 Ra8
34. Be7 a5 35. b5 Rb8 36. Rxb8+ Kxe7 37. Rb7+ Ke6 38. f4 Rxa4 39. Rxb6+ Kd5 40.
Rf6 Rb4 41. Rxf7 h5 42. Rd7+ Ke4 43. e6 Rb2+ 44. Kh3 Kf3 45. e7 Rb1 46. Rd3+
Kf2 47. Rd2+ 1-0

[Event "38th Olympiad"]
[Site "Dresden GER"]
[Date "2008.11.14"]
[Round "2"]
[White "Safin, S."]
[Black "Hernandez Carmenates, Hold"]
[Result "1/2-1/2"]
[WhiteElo "2510"]
[BlackElo "2580"]
[PlyCount "76"]
[EventDate "2008.11.13"]
[SourceDate "1999.07.01"]

1. d4 Nf6 2. c4 e6 3. Nf3 b6 4. g3 Bb7 5. Bg2 Be7 6. Nc3 O-O 7. Qc2 c5 8. d5
exd5 9. Ng5 Nc6 10. Nxd5 g6 11. Qd2 Ba6 12. b3 b5 13. Nxe7+ Qxe7 14. Bxc6 dxc6
15. Bb2 Nh5 16. g4 Rad8 17. Qe3 Qxe3 18. fxe3 Ng7 19. Ne4 f5 20. Nxc5 Bc8 21.
cxb5 cxb5 22. g5 Ne6 23. Nxe6 Bxe6 24. Bf6 Rc8 25. Kd2 a5 26. h4 h5 27. Rhf1
Bd5 28. Rac1 Kf7 29. Bc3 a4 30. bxa4 bxa4 31. a3 Ke6 32. Bd4 Be4 33. Bf6 Bd5
34. Rb1 Bb3 35. Rb2 Rc4 36. Rf4 Rfc8 37. Ke1 Rxf4 38. exf4 Rc2 1/2-1/2

[Event "38th Olympiad"]
[Site "Dresden GER"]
[Date "2008.11.15"]
[Round "3"]
[White "Mchedlishvili, M."]
[Black "Efimenko, Z."]
[Result "0-1"]
[WhiteElo "2615"]
[BlackElo "2680"]
[PlyCount "90"]
[EventDate "2008.11.13"]
[SourceDate "1999.07.01"]

1. d4 Nf6 2. c4 e6 3. Nf3 b6 4. a3 Ba6 5. Qb3 c5 6. d5 exd5 7. cxd5 d6 8. Nc3
g6 9. Bf4 Bg7 10. e4 Bxf1 11. Kxf1 O-O 12. h3 Re8 13. Re1 a6 14. a4 Ra7 15. g4
Rb7 16. Kg2 h5 17. g5 Nh7 18. Qc4 Qd7 19. e5 b5 20. axb5 axb5 21. e6 fxe6 22.
dxe6 Qc6 23. Qe4 Nf8 24. Bxd6 Nxe6 25. Bg3 b4 26. Qxc6 Nxc6 27. Ne4 Rf8 28. Bd6
Rd8 29. Nxc5 Nxc5 30. Bxc5 Rd5 31. Rc1 Bxb2 32. Rc2 b3 33. Rxb2 Rxc5 34. Rhb1
Rc3 35. Rd1 Rc2 36. Rbb1 b2 37. Ne1 Rc5 38. h4 Ne5 39. Rd2 Rc1 40. Rbxb2 Rxb2
41. Rxb2 Rxe1 42. Rb6 Kf7 43. Rf6+ Kg7 44. f4 Ng4 45. Rb6 Re7 0-1

[Event "38th Olympiad"]
[Site "Dresden GER"]
[Date "2008.11.15"]
[Round "3"]
[White "Fressinet, L."]
[Black "Banikas, H."]
[Result "1/2-1/2"]
[WhiteElo "2676"]
[BlackElo "2572"]
[PlyCount "81"]
[EventDate "2008.11.13"]
[SourceDate "1999.07.01"]

1. d4 Nf6 2. Nf3 e6 3. c4 b6 4. g3 Bb7 5. Bg2 Be7 6. Nc3 Ne4 7. Bd2 f5 8. Qc2
Na6 9. a3 Bf6 10. Rd1 Nxc3 11. Bxc3 Be4 12. Qc1 c5 13. O-O Rc8 14. d5 exd5 15.
cxd5 O-O 16. Ne1 Bxg2 17. Nxg2 Nc7 18. a4 Ne8 19. d6 Rc6 20. Rd5 Bxc3 21. Qxc3
Rxd6 22. Qc4 Rxd5 23. Qxd5+ Rf7 24. Rd1 g6 25. Nf4 Nf6 26. Qc4 Qe8 27. Qa6 Qb8
28. e3 Re7 29. a5 Re4 30. axb6 axb6 31. Qd3 Qb7 32. Qb3+ c4 33. Qb5 Qc7 34. Nd5
Nxd5 35. Qxd5+ Kf8 36. Qxd7 Qxd7 37. Rxd7 Re7 38. Rd8+ Re8 39. Rd7 Re7 40. Rd8+
Re8 41. Rd7 1/2-1/2

[Event "38th Olympiad"]
[Site "Dresden GER"]
[Date "2008.11.15"]
[Round "3"]
[White "Roiz, M."]
[Black "Rozentalis, E."]
[Result "1-0"]
[WhiteElo "2677"]
[BlackElo "2577"]
[PlyCount "89"]
[EventDate "2008.11.13"]
[SourceDate "1999.07.01"]

1. d4 Nf6 2. c4 e6 3. Nf3 b6 4. g3 Bb7 5. Bg2 Be7 6. O-O O-O 7. Re1 Na6 8. Nc3
Ne4 9. Nxe4 Bxe4 10. Ne5 Bxg2 11. Kxg2 Qe8 12. e4 d6 13. Nf3 b5 14. Qe2 Rb8 15.
b3 bxc4 16. Qxc4 Qb5 17. Qxb5 Rxb5 18. Bd2 c5 19. Rac1 Rb7 20. Re2 h6 21. Be3
cxd4 22. Nxd4 Nc5 23. f3 Bg5 24. f4 Bd8 25. Kf3 Bb6 26. Rd1 g6 27. Rc2 f5 28.
exf5 exf5 29. Nb5 Nxb3 30. Nxd6 Bxe3 31. Kxe3 Re7+ 32. Kf3 Na5 33. Rd5 Rd7 34.
Nxf5 Rxd5 35. Ne7+ Kf7 36. Nxd5 Rd8 37. Ne3 Ke6 38. Rc7 a6 39. Rh7 h5 40. Rh6
Kf7 41. f5 Rd3 42. Ke4 Ra3 43. fxg6+ Kf6 44. Nf5 Ra4+ 45. Kf3 1-0

[Event "38th Olympiad"]
[Site "Dresden GER"]
[Date "2008.11.17"]
[Round "5"]
[White "Istratescu, A."]
[Black "Rozentalis, E."]
[Result "1/2-1/2"]
[WhiteElo "2633"]
[BlackElo "2577"]
[PlyCount "59"]
[EventDate "2008.11.13"]
[SourceDate "1999.07.01"]

1. d4 Nf6 2. c4 e6 3. Nf3 b6 4. g3 Bb7 5. Bg2 Be7 6. O-O O-O 7. Nc3 Ne4 8. Bd2
Nxc3 9. Bxc3 d5 10. cxd5 exd5 11. b4 c6 12. a4 Nd7 13. Qb3 Nf6 14. Rfd1 Ne4 15.
Bb2 Bd6 16. b5 c5 17. dxc5 Bxc5 18. Nd4 Qg5 19. Qf3 Rfe8 20. e3 Bc8 21. Qe2 a6
22. a5 Qg6 23. axb6 Qxb6 24. Ra2 Rb8 25. bxa6 Bxa6 26. Rxa6 Qxb2 27. Qxb2 Rxb2
28. Bxe4 dxe4 29. Rc6 Bf8 30. Ra1 1/2-1/2

[Event "Russia Cup Final"]
[Site "Serpuhov RUS"]
[Date "2008.11.06"]
[Round "1.2"]
[White "Vorobiov, E."]
[Black "Korobkov, P."]
[Result "1-0"]
[WhiteElo "2577"]
[BlackElo "2509"]
[PlyCount "155"]
[EventDate "2008.11.05"]
[SourceDate "1999.07.01"]

1. d4 Nf6 2. c4 e6 3. Nf3 b6 4. a3 Ba6 5. Qc2 Bb7 6. Nc3 c5 7. e4 cxd4 8. Nxd4
Bc5 9. Nb3 Nc6 10. Bf4 O-O 11. Rd1 e5 12. Bg5 Nd4 13. Nxd4 Bxd4 14. Bd3 h6 15.
Bh4 Bxc3+ 16. Qxc3 d6 17. O-O g5 18. Bg3 Nh5 19. Rd2 Qe7 20. Rfd1 Nxg3 21. hxg3
Rfd8 22. Bf1 Rac8 23. Qe3 Rc7 24. b3 Bc8 25. a4 Be6 26. f4 Bg4 27. Re1 exf4 28.
gxf4 gxf4 29. Qxf4 Qg5 30. Qf2 Re7 31. Re3 Rde8 32. Rxd6 Rxe4 33. Rxe4 Rxe4 34.
Rd5 Qe3 35. Bd3 Qxf2+ 36. Kxf2 Re7 37. a5 Rd7 38. Rxd7 Bxd7 39. axb6 axb6 40.
Ke3 Kf8 41. Kd4 Ke7 42. Kd5 Be8 43. g3 Kd7 44. c5 Kc7 45. cxb6+ Kxb6 46. Kd6
Bc6 47. Bc4 f5 48. Ke5 Kc5 49. Kxf5 h5 50. Be2 Kb4 51. Bd1 Bd5 52. Ke5 Bf7 53.
Kf6 Be8 54. Bc2 Bc6 55. Bd1 Be8 56. Ke6 Bg6 57. Ke5 Bf7 58. Bc2 Be8 59. Kf5
Bd7+ 60. Kg5 Bg4 61. Bf5 Bd1 62. Be6 Kc3 63. Bf7 Kb4 64. Kg6 Kc3 65. Kh6 Kb4
66. Bxh5 Bxb3 67. g4 Kc5 68. g5 Bc2 69. Bg6 Ba4 70. Bf5 Be8 71. Bg4 Kd6 72. Bh5
Bc6 73. g6 Bd5 74. g7 Bg8 75. Kg6 Ke7 76. Bg4 Ke8 77. Kf6 Kd8 78. Be6 1-0

[Event "Russia Cup Final"]
[Site "Serpuhov RUS"]
[Date "2008.11.08"]
[Round "2.3"]
[White "Khairullin, I."]
[Black "Tomashevsky, E."]
[Result "1/2-1/2"]
[WhiteElo "2575"]
[BlackElo "2646"]
[PlyCount "30"]
[EventDate "2008.11.05"]
[SourceDate "1999.07.01"]

1. d4 Nf6 2. c4 e6 3. Nf3 b6 4. g3 Ba6 5. Qc2 Bb4+ 6. Bd2 Be7 7. e4 d5 8. cxd5
exd5 9. e5 Ne4 10. Nc3 Nxc3 11. bxc3 Qd7 12. h4 Nc6 13. Ng5 f6 14. e6 Qc8 15.
Nf7 O-O 1/2-1/2

[Event "Russia Cup Final"]
[Site "Serpuhov RUS"]
[Date "2008.11.08"]
[Round "2.6"]
[White "Khairullin, I."]
[Black "Tomashevsky, E."]
[Result "1-0"]
[WhiteElo "2575"]
[BlackElo "2646"]
[PlyCount "131"]
[EventDate "2008.11.05"]
[SourceDate "1999.07.01"]

1. d4 Nf6 2. c4 e6 3. Nf3 b6 4. g3 Bb7 5. Bg2 Be7 6. O-O O-O 7. Nc3 Ne4 8. Bd2
d5 9. cxd5 exd5 10. Rc1 Nd7 11. Bf4 c5 12. dxc5 Nxc3 13. Rxc3 bxc5 14. Ne5 Nb6
15. Qc2 Bf6 16. h4 Re8 17. Re3 Bxe5 18. Rxe5 Rxe5 19. Bxe5 Qe7 20. Bf4 Re8 21.
Bf3 h6 22. Rc1 Rc8 23. Qf5 Qe6 24. Qe5 Nd7 25. Qd6 Rd8 26. Rd1 Qxd6 27. Bxd6 f6
28. Bc7 Rc8 29. Ba5 Kf7 30. Bxd5+ Bxd5 31. Rxd5 Ke6 32. Rd2 h5 33. Kg2 Ne5 34.
Bc3 Nc4 35. Rd3 Nd6 36. Kf3 Rb8 37. e3 Nb5 38. b3 Nd6 39. Ke2 c4 40. bxc4 Nxc4
41. Rd4 Rc8 42. Bb4 Rc7 43. Rd3 Rb7 44. Rb3 g6 45. Bc3 Rc7 46. Kd3 Nd6 47. Ra3
Rc6 48. Bd4 a6 49. Rb3 f5 50. f3 Nb5 51. Bb2 Nd6 52. Rb4 Kd5 53. Bd4 Nb5 54.
e4+ fxe4+ 55. fxe4+ Ke6 56. Bb2 Rd6+ 57. Ke2 Rc6 58. a4 Nd6 59. Kd3 Nf7 60. Bd4
Ne5+ 61. Bxe5 Kxe5 62. Rb8 Rc5 63. Rb6 Ra5 64. Rxg6 Rxa4 65. Rg5+ Kf6 66. Ke3
1-0

[Event "38th Olympiad"]
[Site "Dresden GER"]
[Date "2008.11.22"]
[Round "9"]
[White "Gomez, Joh"]
[Black "Laznicka, V."]
[Result "1/2-1/2"]
[WhiteElo "2519"]
[BlackElo "2591"]
[PlyCount "59"]
[EventDate "2008.11.13"]
[SourceDate "1999.07.01"]

1. d4 Nf6 2. Nf3 e6 3. c4 b6 4. e3 Bb7 5. Bd3 d5 6. Nbd2 Bd6 7. O-O O-O 8. Qc2
c5 9. e4 dxe4 10. Nxe4 Nxe4 11. Bxe4 Bxe4 12. Qxe4 Nd7 13. Rd1 Qc7 14. dxc5
Nxc5 15. Qe2 a5 16. b3 Rfd8 17. Bb2 Be7 18. Qe5 Qxe5 19. Bxe5 Rac8 20. Kf1 f6
21. Rxd8+ Bxd8 22. Bd4 Kf7 23. Rd1 Ke7 24. Nd2 Bc7 25. Nb1 Nd7 26. Nc3 Be5 27.
Bxe5 Nxe5 28. Na4 Rc6 29. Ke2 g5 30. Rd4 1/2-1/2

[Event "38th Olympiad w"]
[Site "Dresden GER"]
[Date "2008.11.23"]
[Round "10"]
[White "Dzagnidze, N."]
[Black "Zhao Xue"]
[Result "1-0"]
[WhiteElo "2503"]
[BlackElo "2518"]
[PlyCount "77"]
[EventDate "2008.11.13"]
[SourceDate "1999.07.01"]

1. d4 Nf6 2. c4 e6 3. Nf3 b6 4. a3 Bb7 5. Nc3 d5 6. cxd5 Nxd5 7. e3 g6 8. Bb5+
c6 9. Bd3 Bg7 10. Na4 Qc7 11. O-O O-O 12. e4 Nf4 13. Bc2 Nd7 14. Nc3 Rad8 15.
e5 Nd5 16. Nxd5 exd5 17. Ng5 Rde8 18. f4 f5 19. g4 h6 20. Nf3 Qd8 21. gxf5 gxf5
22. Be3 Rf7 23. Bf2 Ba6 24. Nh4 Bxf1 25. Qxf1 c5 26. Nxf5 Ref8 27. Qh3 Nxe5 28.
dxe5 Qd7 29. Nxh6+ Bxh6 30. Qxh6 Rxf4 31. Bg3 Rg4 32. Rd1 Qf7 33. Bh7+ Qxh7 34.
Qe6+ Kh8 35. Qxg4 Qh6 36. Rxd5 Qc1+ 37. Rd1 Qxb2 38. Qh5+ Kg8 39. Qg6+ 1-0

[Event "38th Olympiad"]
[Site "Dresden GER"]
[Date "2008.11.25"]
[Round "11"]
[White "Gustafsson, J."]
[Black "Rozentalis, E."]
[Result "1/2-1/2"]
[WhiteElo "2634"]
[BlackElo "2577"]
[PlyCount "59"]
[EventDate "2008.11.13"]
[SourceDate "1999.07.01"]

1. d4 Nf6 2. c4 e6 3. Nf3 b6 4. g3 Bb7 5. Bg2 Be7 6. O-O O-O 7. Re1 Na6 8. Nc3
Ne4 9. Qa4 Qc8 10. Nxe4 Bxe4 11. Ne5 Bxg2 12. Kxg2 Qb7+ 13. e4 c6 14. Bd2 Rfd8
15. Rac1 Rac8 16. Qb3 Bf6 17. Nf3 d5 18. cxd5 cxd5 19. e5 Be7 20. h4 h6 21. h5
Rxc1 22. Rxc1 Rc8 23. Rxc8+ Qxc8 24. Qa4 Kf8 25. g4 Qc4 26. Qd7 Qc7 27. Qb5 Qc4
28. Qd7 Qc7 29. Qb5 Qc4 30. Qd7 1/2-1/2

[Event "38th Olympiad"]
[Site "Dresden GER"]
[Date "2008.11.25"]
[Round "11"]
[White "Leko, P."]
[Black "Zhigalko, S."]
[Result "1-0"]
[WhiteElo "2747"]
[BlackElo "2592"]
[PlyCount "260"]
[EventDate "2008.11.13"]
[SourceDate "1999.07.01"]

1. d4 Nf6 2. c4 e6 3. Nf3 b6 4. g3 Ba6 5. Qa4 Bb7 6. Bg2 c5 7. dxc5 Bxc5 8. O-O
O-O 9. Nc3 Be7 10. Bf4 d6 11. Rfd1 a6 12. Qa3 Ne8 13. b4 Qc8 14. Rac1 Nd7 15.
Qb3 h6 16. Na4 Ra7 17. Be3 Qc7 18. c5 bxc5 19. bxc5 Nxc5 20. Nxc5 dxc5 21. Qa3
Nf6 22. Bxc5 Bxc5 23. Rxc5 Qe7 24. Qa5 Bd5 25. Ne5 Qb7 26. Bxd5 Nxd5 27. Nc6
Raa8 28. Rdc1 Kh8 29. Qa3 Rfc8 30. R5c4 a5 31. Qf3 a4 32. Qa3 Rc7 33. e4 Nb6
34. Na5 Nxc4 35. Nxb7 Nxa3 36. Rxc7 Nb5 37. Rxf7 Nc3 38. a3 Nxe4 39. Re7 Nd2
40. Rxe6 Nc4 41. Re4 Nxa3 42. Nc5 Nb5 43. Nxa4 Nd6 44. Rb4 Rc8 45. Kg2 Rc4 46.
Rb8+ Kh7 47. Nb2 Rc2 48. Nd3 Rd2 49. Nc5 Rc2 50. Nd3 Rd2 51. Ne5 Ne4 52. Rf8
Nf6 53. Nc4 Ra2 54. Ne3 h5 55. h3 Kg6 56. Kf3 Ra3 57. Rd8 Rb3 58. Rd4 Ra3 59.
Kg2 Rb3 60. Nf1 Rb5 61. Nh2 Rd5 62. Ra4 Rb5 63. Nf3 Rd5 64. Nd4 Re5 65. Ra6 Kf7
66. Nf3 Rb5 67. Ra7+ Kg6 68. Nd4 Rb6 69. Ne2 Kh6 70. Nd4 Kg6 71. Kf3 Nh7 72.
Ra5 Nf6 73. Kg2 Rd6 74. Nf5 Rd7 75. Nh4+ Kh7 76. Nf3 Rb7 77. Ne5 Rb4 78. Ra7
Rd4 79. Nf3 Rd5 80. Re7 Rd7 81. Re6 Ra7 82. Rc6 Rb7 83. Nd4 Ra7 84. Ne6 Rb7 85.
Ra6 Re7 86. g4 hxg4 87. hxg4 Re8 88. f3 Kg8 89. Kg3 Kf7 90. Ng5+ Kg8 91. Ra7
Re5 92. Kf4 Re8 93. Ra5 Nh7 94. Ne4 Nf8 95. Ra7 Ne6+ 96. Kg3 Rf8 97. Re7 Nf4
98. Ng5 Ng6 99. Ra7 Nf4 100. Ra4 Ne2+ 101. Kf2 Nf4 102. Re4 Nd5 103. Kg3 Nf6
104. Rd4 Nh7 105. Ne4 Nf6 106. Ng5 Nh7 107. Ne6 Re8 108. Nc5 Nf8 109. Ra4 Kf7
110. Ne4 Rd8 111. f4 g6 112. Ng5+ Kg7 113. Ra3 Rd7 114. Nf3 Re7 115. Ra6 Nd7
116. Nh4 Nf6 117. g5 Re3+ 118. Kf2 Ng4+ 119. Kg2 Rb3 120. Rxg6+ Kf7 121. Ra6
Ne3+ 122. Kf3 Nd5+ 123. Ke4 Rb4+ 124. Kxd5 Rxf4 125. Ng6 Rf5+ 126. Ne5+ Kg7
127. Ra7+ Kg8 128. g6 Rf6 129. Re7 Ra6 130. Re6 Ra5+ 1-0